| 000 | 00520nam a2200181Ia 4500 | ||
|---|---|---|---|
| 003 | GCL | ||
| 008 | 140319s9999 xx 000 0 ara d | ||
| 040 |
_aGCL / _cGCL |
||
| 082 | 0 | 4 |
_a415.1 _bس س |
| 100 | 1 | _aابى بشر عمر بن عثمان بن قنبر | |
| 245 | 1 | 0 |
_aكتاب سيبوية / _cابى بشر عمر بن عثمان بن قنبر |
| 260 |
_a[S.N] : _bدار الجيل ، _c1991 |
||
| 300 | _a646 ص | ||
| 490 | _a | ||
| 650 | 0 | 4 | _aالنحو |
| 650 | 0 | 4 | _aفقه اللغة |
| 942 |
_2ddc _cBK |
||
| 999 |
_c50692 _d50692 |
||